| 000 | 00931cab a2200253 4500 | ||
|---|---|---|---|
| 001 | WB3008-29 | ||
| 008 | 090401t1994 xxu||||| |||| 00| 0 eng d | ||
| 035 | _a(Sirsi) u76158 | ||
| 041 | _aeng | ||
| 245 | _aRent review clause | ||
| 260 | _c1994 | ||
| 350 | _a0 | ||
| 490 |
_aEstates Gazette Case Summaries _v1994 EGCS 19(1) (19/2/94) |
||
| 520 | _aIn "Scottish Amicable Life Assurance Society v Middleton and others" ChD 7 February 1944 held that rent-free periods referred to concessionary periods for fitting out of premises. Valuer to make adjustment to eliminate effect on rent of tenant`s need to give similiar rent-free period to sub-tenant. | ||
| 650 | _aCONCESSIONARY PERIODS | ||
| 650 | _aFITTING-OUT | ||
| 650 | _aRENT REVIEWS | ||
| 650 | _aRENT-FREE PERIODS | ||
| 650 | _aSUBTENANTS | ||
| 650 | _aUNDERLEASE | ||
| 690 | _aLANDLORD AND TENANT-CASE LAW-RENT REVIEWS | ||
| 942 | _n0 | ||
| 948 | _c04/03/1997 | ||
| 999 |
_c47921 _d47921 |
||